| 000 | 00000nas 2200000za 4500 |
| 001 | 9.806416 |
| 003 | CaOODSP |
| 005 | 20221107135904 |
| 007 | cr ||||||||||| |
| 008 | 151126d19491952oncmr p oss f000#a0eng|d |
| 022 | |y0837-9327 |
| 040 | |aCaOODSP|beng |
| 043 | |an-cn--- |
| 086 | 1 |aCS72-003E-PDF |
| 245 | 00|aMan-hours and hourly earnings |h[electronic resource] / |cprepared in the Employment Section of the Labour and Prices Division, Dominion Bureau of Statistics, ... |
| 246 | 33|aMan-hours and hourly earnings, reported at the first of ... |
| 260 | |a[Ottawa] : |bDominion Bureau of Statistics, |c[1950-1952]. |
| 310 | |aMonthly |
| 362 | 0 |aDec. 1949-volume 8, no. 3 (Mar. 1952). |
| 500 | |aDigitized edition from print [produced by Statistics Canada]. |
| 515 | |aIssues from February 1950 numbered by volume and issue number. |
| 692 | 07|2gccst|aEmployment |
| 710 | 1 |aCanada. |bDominion Bureau of Statistics. |bEmployment Section. |
| 780 | 00|tMan hours and hourly earnings, statistics of average hours of work, average hourly earnings and average weekly wages reported at the first of ...|w(CaOODSP)9.806412 |
| 785 | 00|tMan-hours and hourly earnings with average weekly wages |w(CaOODSP)9.806437 |